[Event "POL-chT U19 1st League"]
[Site "Ustron"]
[Date "2015.07.27"]
[Round "3.28"]
[White "Wierzbicki, Michal"]
[Black "Rogala, Milosz"]
[Result "1-0"]
[WhiteElo "1725"]
[BlackElo "1356"]
[PlyCount "77"]
[EventDate "2015.07.25"]
[EventType "team-tourn"]
[EventRounds "9"]
[EventCountry "POL"]
[SourceTitle "EXT 2018"]
[Source "ChessBase"]
[SourceDate "2017.10.13"]
[SourceVersion "1"]
[SourceVersionDate "2017.10.13"]
[SourceQuality "1"]
[WhiteTeam "Suwalki Hancza U19"]
[BlackTeam "Grzybowo GKSz Solny U19"]
[WhiteTeamCountry "POL"]
[BlackTeamCountry "POL"]

1. d4 d5 2. Nf3 Nf6 3. c4 c6 4. e3 a6 5. Nc3 b5 6. cxd5 cxd5 7. a3 Bb7 8. Bd3 e6 9. 0-0 Bd6 10. Qe2 Nbd7 11. e4 dxe4 12. Nxe4 Nxe4 13. Bxe4 Bxe4 14. Qxe4 0-0 15. Bg5 Nf6 16. Bxf6 Qxf6 17. Rac1 h6 18. Rc6 Qe7 19. Re1 Rfc8 20. h3 Rxc6 21. Qxc6 Ra7 22. d5 e5 23. Qc8+ Qf8 24. Qxf8+ Kxf8 25. Nxe5 Bxe5 26. Rxe5 Re7 27. f4 f6 28. Re6 Ra7 29. Kf2 Kf7 30. Ke3 f5 31. Kd4 g5 32. Rxh6 Kg7 33. fxg5 Ra8 34. d6 Rc8 35. d7 Rd8 36. Rd6 Kf7 37. Ke5 Ke7 38. g6 Rg8 39. d8Q+ 1-0

[Event "POL-chT U19 1st League"]
[Site "Ustron"]
[Date "2015.07.26"]
[Round "2.4"]
[White "Rogala, Milosz"]
[Black "Kawaler, Adam"]
[Result "0-1"]
[WhiteElo "1356"]
[BlackElo "1553"]
[PlyCount "120"]
[EventDate "2015.07.25"]
[EventType "team-tourn"]
[EventRounds "9"]
[EventCountry "POL"]
[SourceTitle "EXT 2018"]
[Source "ChessBase"]
[SourceDate "2017.10.13"]
[SourceVersion "1"]
[SourceVersionDate "2017.10.13"]
[SourceQuality "1"]
[WhiteTeam "Grzybowo GKSz Solny U19"]
[BlackTeam "Wroclaw MUKS MDK Srodmiescie U19"]
[WhiteTeamCountry "POL"]
[BlackTeamCountry "POL"]

1. e4 d6 2. d4 Nf6 3. Nc3 c6 4. Nf3 Bg4 5. Be2 e6 6. h3 Bxf3 7. Bxf3 d5 8. Bg5 Be7 9. exd5 cxd5 10. Qd2 Nc6 11. Bf4 Rc8 12. 0-0 a6 13. a3 Qb6 14. Ne2 Na5 15. b3 0-0 16. Qd3 Qc6 17. Bd2 Bd8 18. Rfc1 b5 19. a4 Ra8 20. Bxa5 Bxa5 21. c4 bxc4 22. bxc4 Qd7 23. c5 Rfc8 24. Nc3 Rcb8 25. Ne2 Qc6 26. Rcb1 Bc7 27. Nc3 h6 28. Rxb8+ Rxb8 29. Rb1 Rb7 30. Bd1 Rxb1 31. Qxb1 e5 32. Qd3 exd4 33. Qxd4 Qe8 34. g3 Qe1+ 35. Kg2 Be5 36. Qb4 Qxc3 37. Qb6 Bd4 38. Qb8+ Kh7 39. Qf4 Qxc5 40. Be2 Qc3 41. Bxa6 Be5 42. Qf3 Qxf3+ 43. Kxf3 Ne4 44. Bd3 f5 45. g4 g6 46. gxf5 gxf5 47. a5 Kg6 48. a6 Bd4 49. Kf4 Kf6 50. f3 Nc5 51. Bb5 Ne6+ 52. Kg3 Bb6 53. Bd3 Nc5 54. Bb5 d4 55. Kh4 d3 56. Kh5 d2 57. Be2 Nxa6 58. Kxh6 Nc7 59. h4 Nd5 60. h5 Nc3 0-1